000 00858nam a2200217 i 4500
001 15694
003 ES-MaACL
005 20230906151130.0
007 t|
008 000504s1991 sp |||| | spa j
020 _a84-87168-30-2
080 _a669.1(460.15):339.564(8=60)"15/17"
100 1 _aGarcía Fuentes, Lutgardo.
_954626
245 1 0 _aSevilla, los vascos y América
_b: (las exportaciones de hierro y manufacturas metálicas en los siglos XVI, XVII y XVIII) /
_cLutgardo García Fuentes.
260 _a[Madrid] :
_bFundación BBV ;
_a[Bilbao] :
_bLaida,
_cD.L. 1991.
300 _a331 p. :
_bil. ;
_c24 cm.
504 _aBibliografía.
650 1 4 _aProductos siderúrgicos-
_zPaís Vasco-
_xExportación-
_yS.XVI-XVIII.
_916451
651 4 _aEspaña-
_xComercio exterior-
_zAmérica española-
_yS.XVI-XVIII.
_9169142
852 _aES-MaACL
_jL-23094
999 _c15694
_d15694